Jääkiekon Naisten Liiga - Mitalistit - Statistics

Yleistilastot
  • Tätä visaa on pelattu 101 kertaa
  • Keskiarvotulos 11 / 15
Vastaustilastot
Kultaa Hopeaa Pronssia Yht. Joukkue % Oikein
2 1 3 6 HIFK
100%
10 10 7 27 Ilves
99%
15 4 6 26 Kiekko-Espoo
97%
3 7 8 18 Kärpät
94%
1 2 4 7 HPK
92%
1 5 6 KalPa
90%
3 4 7 JYP
87%
1 1 SaiPa
68%
1 1 Sport
66%
1 1 Team Kuortane
63%
3 4 1 8 Shakers
58%
2 1 1 4 HJK
56%
1 1 2 IHK
49%
1 5 6 EVU
32%
2 2 EKS
30%
Ehtoja vastaavia visoja ei löytynyt
Tulosjakauma
Jokaisen tuloksen saaneiden osuus
Persentiili vastausten määrän mukaan
Tuloshistoriasi
Et ole pelannut tätä visaa